00680nam a2200205Ia 450000500170000000800410001702000180005804000180007604100080009408200220010210000220012424501330014625000120027926000460029130000300033765000380036765000280040565000190043370000220045220251203110347.0210716s2013 xx 000 0 und d a9788126534722 cAIMIT LIBRARY aeng a005.762 23bLING aLinoff, Gordon S. aData mining techniques : bfor marketing sales and customer relationship management /cBy Gordon S Linoff and Michael J A Berry. a3rd ed. aNew Delhi :bWiley India Pvt Ltd ,c2013. axl, 845p. ;cPBb24.5 cm. aWhat is data mining and why do it aThe data mining process aDecision trees aBerry, Michael J.